|
000
|
00883nam 2200253 450
|
|
001
|
3208
|
|
005
|
20091008144407.12
|
|
010
|
|
@a978-7-301-15650-6@dCNY28.00
|
|
100
|
|
@a20091008d2009 em y0chiy0120 ea
|
|
101
|
0
|
@achi
|
|
102
|
|
@aCN@b110000
|
|
105
|
|
@ay z 000yy
|
|
106
|
|
@ar
|
|
200
|
1
|
@a造型材料@Azao xing cai liao@f石德全主编@Fshi de quan zhu bian
|
|
210
|
|
@a北京@c北京大学出版社@d2009.09
|
|
215
|
|
@a262页@d26cm
|
|
225
|
2
|
@a21世纪全国高等院校材料类创新型应用人才培养规划教材
|
|
330
|
|
@a本书系统地介绍了现代铸造生产中常用的造型材料。全书共分8章,包括绪论、原砂、粘结剂、粘土粘结砂、水玻璃砂、水泥自硬砂、树脂粘结砂和铸造涂料。
|
|
461
|
0
|
@12001 @a21世纪全国高等院校材料类创新型应用人才培养规划教材
|
|
606
|
0
|
@a铸造材料@x高等学校@j教材
|
|
690
|
|
@aTG2@v4
|
|
701
|
0
|
@a石德全@Ashi de quan@4主编
|
|
801
|
0
|
@aCN@bRULIN@c20091008
|
|
905
|
|
@dTG2@e13@f5
|
|
|
|
|
| |
| 造型材料/石德全主编.-北京:北京大学出版社,2009.09 |
| 262页;26cm.-(21世纪全国高等院校材料类创新型应用人才培养规划教材) |
| |
| |
| ISBN 978-7-301-15650-6:CNY28.00 |
| 本书系统地介绍了现代铸造生产中常用的造型材料。全书共分8章,包括绪论、原砂、粘结剂、粘土粘结砂、水玻璃砂、水泥自硬砂、树脂粘结砂和铸造涂料。 |
| ● |
正题名:造型材料
索取号:TG2/13
 
预约/预借
| 序号
|
登录号
|
条形码
|
馆藏地/架位号
|
状态
|
备注
|
|
1
|
306702
|
300306702
|
柳城-4楼/54架1列1层/
[索取号:TG2/13]
|
在馆
|
|
|
2
|
306703
|
300306703
|
柳城-4楼/54架1列1层/
[索取号:TG2/13]
|
在馆
|
|
|
3
|
306704
|
300306704
|
柳城-4楼/54架1列1层/
[索取号:TG2/13]
|
在馆
|
|
|
4
|
306705
|
300306705
|
海科密-1楼/56架3列7层/
[索取号:TG2/13]
|
在馆
|
|
|
5
|
306706
|
300306706
|
海科密-1楼/56架3列7层/
[索取号:TG2/13]
|
在馆
|
|